| 000 | 01114cad a22002175a 4500 | ||
|---|---|---|---|
| 001 | E148697 | ||
| 008 | 091020e20091014xxk f 000 0 eng d | ||
| 035 | _a(Sirsi) u148697 | ||
| 041 | 0 | _aeng | |
| 050 | 0 | 4 | _a333.33 $2 18 |
| 110 | 2 |
_aRoyal Institution of Chartered Surveyors _94900 |
|
| 245 | 0 | 0 |
_aRICS Pub Industry Forum report and recommendations _h[electronic resource] |
| 260 |
_aLondon _bRICS _c2009 |
||
| 520 | _aIn the summer of 2009 RICS set up a Forum to examine how rents are set in the Pub sector and how the rent review dispute resolution mechanism works in practice. The Forum put a particular emphasis on the relationship between PUBCOS and their tenants. This report sets out the conclusions and recommendations of the Forum and proposals for action by RICS. | ||
| 521 | _aAdvanced | ||
| 590 | _aKA | ||
| 651 | 4 |
_aUnited Kingdom _y |
|
| 690 | _aPROPERTY-COMMERCIAL PROPERTY-LEISURE PROPERTY-REFRESHMENT AND CULINARY PROPERTY-LICENSED PROPERTY | ||
| 856 | 4 | 0 |
_uhttps://www.rics.org/Global/Downloads/pub_industry_forum_report.pdf _zView the report free of charge at www.rics.org... |
| 942 | _n0 | ||
| 999 |
_c110166 _d110166 |
||